000 02652nam a2200445 c 4500
003 BLK
005 20200824125126.0
008 180409b bul|||||r ||||||| ||bul||
010 _aKNG00114379000
020 _a954-321-014-4
_bиздат.: Изток-Запад
040 _aBLK
041 _aBUL
_cBUL
080 _aПредистория. Предист. паметници на материалната култура и тяхната интерпретация - оръдия на труда, оръжия, култови предмети, мегалити, пещерни и накол
_b903
_x(02.062)
_z903(02.062)
080 _aАнтропогенезис. Произход на човека. Вж и 575.8
_b572.1/.4
_x(02.062)
_z572.1/.4(02.062)
080 _aЕволюционно учение. Дарвинизъм. Видообразуване. Филогенез - Борба за съществуване, изолация, адаптация, отбор и др. Биомакромолекули, молекулярна еволюция, клетки и субклетъчни структури, тъ
_b575.8
_x(02.062)
_z575.8(02.062)
100 1 _aСтогов, Иля
_eпърви автор
_9124729
700 1 _aИгнатов, Радослав Димитров
_eпрев. от рус.
_9370482
700 1 _aКозарев, Любен Илиев
_eред.
_9375613
139 _aСтогов, Иля
_bС 87
245 1 0 _aЧелюстта на Адам
_bПътеводител по предисторическото минало
_cИля Стогов; прев. от рус. Радослав Димитров Игнатов; ред. Любен Илиев Козарев.
257 _aRUS
260 София
_bИзток-Запад
_c2004
300 _a181 с.
_bс ил.
_c20 см
380 _a5
500 _aОриг. загл. Челюсть Адама / И. Стогов. - Съдържа и Речник ; История на Африка във вид на таблица ; История на Океания във вид на таблица. - Офс. изд.
650 4 _aЧовек, първобитен
_9264536
650 4 _aПървобитно общество
_9264537
650 4 _aАнтропология
_9147249
650 4 _aЕволюция
_9154115
653 _aпървобитен човек
653 _aпървобитно общество
653 _aпроизход на човека
653 _aантропология
653 _aеволюция
852 _aЦб 220552
856 4 _qpdf
_u
856 4 _qpdf
_u
942 _cKNG
_n0
_01
944 _aCR
_c04.08.2004
_kЛюдмила_Стоянова
944 _aED
_c29.03.2006
_k
999 _c109064
_d109064